[Event "10. Kreuzberg Open"]
[Site "Berlin"]
[Date "2009.07.20"]
[Round "3.6"]
[White "Schlemermeyer, Wilhelm"]
[Black "Kupfer, Michael"]
[Result "1/2-1/2"]
[WhiteElo "2270"]
[BlackElo "2198"]
[PlyCount "51"]
[EventDate "2009.??.??"]
[WhiteTeam "SC Kreuzberg e.V."]
[BlackTeam "SC Friesen Lichtenberg e.V."]

1. Nf3 d5 2. c4 dxc4 3. Na3 g6 4. Nxc4 Bg7 5. g3 Nf6 6. Bg2 O-O 7. O-O c6 8. d3
Nbd7 9. Bd2 Nb6 10. Na5 Re8 11. Qc2 e5 12. Rfd1 Qe7 13. Bg5 h6 14. Bxf6 Bxf6
15. Nd2 Qb4 16. Ne4 Be7 17. Nb3 Be6 18. Nbc5 Bxc5 19. Nxc5 Nd7 20. Nxe6 Rxe6
21. a3 Qb6 22. Rac1 Nf8 23. b4 Rd8 24. Qd2 Kg7 25. Rc5 f6 26. Qe3 1/2-1/2

[Event "10. Kreuzberg Open"]
[Site "Berlin"]
[Date "2009.07.20"]
[Round "3.7"]
[White "Jahnz, Fabian"]
[Black "Schmidt, Jürgen"]
[Result "1-0"]
[WhiteElo "2191"]
[BlackElo "2035"]
[PlyCount "51"]
[EventDate "2009.??.??"]
[WhiteTeam "SK König Tegel 1949 e.V."]
[BlackTeam "SC Kreuzberg e.V."]

1. e4 e5 2. Nf3 Nc6 3. Bc4 Bc5 4. c3 d6 5. d3 Nf6 6. O-O O-O 7. Bb3 h6 8. h3
Bb6 9. Re1 Be6 10. Nbd2 Nh5 11. Nf1 Nf4 12. d4 Bxb3 13. axb3 g5 14. Ng3 exd4
15. cxd4 Qf6 16. Bxf4 gxf4 17. Nh5 Qh8 18. d5 Ne7 19. e5 Ng6 20. e6 Rfe8 21.
Qc2 Ne7 22. exf7+ Kxf7 23. Re6 Rf8 24. Nh4 Rae8 25. Rxe7+ Kxe7 26. Ng6+ 1-0

[Event "10. Kreuzberg Open"]
[Site "Berlin"]
[Date "2009.07.20"]
[Round "3.8"]
[White "Sechting, Martin"]
[Black "Lüders, Gerhard"]
[Result "1/2-1/2"]
[WhiteElo "2097"]
[BlackElo "2254"]
[PlyCount "66"]
[EventDate "2009.??.??"]
[WhiteTeam "Hamburger SK von 1830 eV"]
[BlackTeam "BSC Rehberge 1945 e.V."]

1. e3 d5 2. c4 e6 3. Nf3 Nf6 4. d4 c6 5. Bd3 Nbd7 6. O-O Bd6 7. Nc3 O-O 8. b3
e5 9. cxd5 cxd5 10. e4 exd4 11. Nxd5 h6 12. Nxf6+ Qxf6 13. Bb2 Ne5 14. Nxe5
Bxe5 15. g3 g5 16. f4 gxf4 17. Bc1 Bh3 18. Rf2 Qg6 19. Bxf4 f6 20. Qd2 Kg7 21.
Qb4 Rf7 22. Rc1 b6 23. Bxe5 fxe5 24. Rxf7+ Qxf7 25. Qd6 Qf6 26. Rc7+ Kg6 27.
Qd5 Rd8 28. Qb7 Rf8 29. Qc6 Be6 30. Qc2 Qg5 31. Qc1 Qg4 32. Rc6 Rf6 33. Bc4 Qf3
1/2-1/2

[Event "10. Kreuzberg Open"]
[Site "Berlin"]
[Date "2009.07.20"]
[Round "3.9"]
[White "Abel, Dennes"]
[Black "Grassi, Fabrizio"]
[Result "1-0"]
[WhiteElo "2328"]
[BlackElo "1952"]
[PlyCount "85"]
[EventDate "2009.??.??"]
[WhiteTeam "Sfrd. Berlin 1903 e.V."]
[BlackTeam "SV Berlin-Friedrichstadt"]

1. d4 d5 2. c4 e6 3. Nf3 Nf6 4. g3 dxc4 5. Bg2 Nc6 6. Qa4 Nd7 7. Qxc4 Nb6 8.
Qd3 e5 9. Nxe5 Nb4 10. Qd1 Qxd4 11. Qxd4 Nc2+ 12. Kd1 Nxd4 13. e3 Ne6 14. Nc3
c6 15. Kc2 Bd6 16. Nd3 Nc5 17. Nf4 Bd7 18. Rd1 Be5 19. e4 O-O-O 20. Be3 Nca4
21. Nxa4 Nxa4 22. Nd3 Bb8 23. b3 Nb6 24. Nc5 Rhe8 25. f3 h6 26. Rd3 g5 27. Rad1
Be6 28. Rxd8+ Rxd8 29. Rxd8+ Kxd8 30. Nxb7+ Ke8 31. Nc5 Bc8 32. f4 f6 33. a4
Nd7 34. Nxd7 Kxd7 35. Bh3+ Kd8 36. Bxc8 Kxc8 37. e5 gxf4 38. Bxf4 h5 39. exf6
Bxf4 40. gxf4 Kd7 41. Kd3 Ke6 42. h4 Kxf6 43. Ke4 1-0

[Event "10. Kreuzberg Open"]
[Site "Berlin"]
[Date "2009.07.20"]
[Round "3.10"]
[White "Soost, Stefan"]
[Black "Giemsa, Stephan"]
[Result "1-0"]
[WhiteElo "2045"]
[BlackElo "2301"]
[PlyCount "71"]
[EventDate "2009.??.??"]
[WhiteTeam "SC Kreuzberg e.V."]
[BlackTeam "SK König Tegel 1949 e.V."]

1. e4 e6 2. d4 d5 3. Nc3 Nf6 4. e5 Nfd7 5. f4 c5 6. Nf3 Nc6 7. Be3 Rb8 8. Bd3
c4 9. Be2 b5 10. O-O b4 11. Nb1 Nb6 12. Ng5 Be7 13. c3 a5 14. Nd2 Bd7 15. Bh5
g6 16. Bg4 h6 17. Nh3 Na7 18. Be2 Na4 19. Qc1 bxc3 20. bxc3 Rb2 21. Bd1 Ba3 22.
Bxa4 Bxa4 23. Qe1 Rc2 24. g4 Rxc3 25. Ne4 Rc2 26. Nf6+ {(=)} Kf8 27. f5 Kg7 28.
fxe6 fxe6 29. Qh4 Be7 30. Nf4 Bd7 31. Nxg6 Kxg6 32. Qh5+ Kg7 33. Nxd7 Qg8 34.
Rf6 Qe8 35. Bxh6+ Kh7 36. Rf7+ 1-0

[Event "10. Kreuzberg Open"]
[Site "Berlin"]
[Date "2009.07.20"]
[Round "3.11"]
[White "Welz, Peter"]
[Black "Wenzel, Andreas"]
[Result "1-0"]
[WhiteElo "2101"]
[BlackElo "2055"]
[PlyCount "93"]
[EventDate "2009.??.??"]
[WhiteTeam "SV Empor Berlin e.V."]
[BlackTeam "SV Empor Berlin e.V."]

1. e4 c5 2. c3 Nf6 3. d3 e6 4. f4 d5 5. e5 Nfd7 6. Nf3 Nc6 7. g3 d4 8. c4 Be7
9. Bh3 b6 10. O-O Qc7 11. Qe2 Bb7 12. Nbd2 O-O-O 13. Ne4 h6 14. Bg2 Rdg8 15.
Bd2 g5 16. fxg5 hxg5 17. Nd6+ Bxd6 18. exd6 Qd8 19. a3 e5 20. b4 f6 21. b5 Ncb8
22. a4 Re8 23. a5 e4 24. a6 Ba8 25. Ne1 Ne5 26. Bxe4 g4 27. Bxa8 Nf3+ 28. Bxf3
Rxe2 29. Bxg4+ Nd7 30. Bxe2 Ne5 31. Ng2 Qxd6 32. Nf4 Rg8 33. Nd5 Nxd3 34. Bf4
Nxf4 35. Rxf4 Qe5 36. Bg4+ Kd8 37. Raf1 d3 38. Bf3 f5 39. Rd1 d2 40. Kf2 Re8
41. Kg2 Qe1 42. Kh3 Rh8+ 43. Rh4 Re8 44. Rh6 Qf2 45. Rxd2 Qxd2 46. Rd6+ Kc8 47.
Nxb6+ 1-0

[Event "10. Kreuzberg Open"]
[Site "Berlin"]
[Date "2009.07.21"]
[Round "4.1"]
[White "Gaerths, Ronny"]
[Black "Rabiega, Robert"]
[Result "0-1"]
[WhiteElo "2243"]
[BlackElo "2551"]
[PlyCount "56"]
[EventDate "2009.??.??"]
[WhiteTeam "Betriebsschach-TT/Wilheil-"]
[BlackTeam "SK König Tegel 1949 e.V."]

1. c4 e5 2. g3 Nf6 3. Bg2 d5 4. cxd5 Nxd5 5. Nf3 Nc6 6. O-O Nb6 7. d3 Be7 8.
Nbd2 O-O 9. a3 a5 10. b3 Be6 11. Bb2 f6 12. Qc2 Qd7 13. Rfd1 Rfd8 14. Rac1 Qe8
15. e3 Qf7 16. Ra1 Bd5 17. Nc4 a4 18. bxa4 Bxc4 19. dxc4 Qxc4 20. Qxc4+ Nxc4
21. Rxd8+ Nxd8 22. Bc3 Rxa4 23. Nh4 g6 24. Rd1 Kf8 25. Rd7 c5 26. Bxb7 Rxa3 27.
Be1 Ra1 28. Kf1 Ra7 0-1

[Event "10. Kreuzberg Open"]
[Site "Berlin"]
[Date "2009.07.21"]
[Round "4.2"]
[White "Figura, Atila Gajo"]
[Black "Jahnz, Fabian"]
[Result "1-0"]
[WhiteElo "2436"]
[BlackElo "2191"]
[PlyCount "71"]
[EventDate "2009.??.??"]
[WhiteTeam "SC Kreuzberg e.V."]
[BlackTeam "SK König Tegel 1949 e.V."]

1. d4 d5 2. c4 e6 3. Nc3 Nf6 4. cxd5 exd5 5. Bg5 c6 6. e3 Nbd7 7. Bd3 Be7 8.
Nge2 O-O 9. O-O Re8 10. f3 Nf8 11. Kh1 Be6 12. Qc2 Rc8 13. Rad1 a6 14. a3 g6
15. e4 dxe4 16. fxe4 Ng4 17. Bf4 c5 18. d5 Bd7 19. e5 c4 20. Be4 Qb6 21. h3
Nf2+ 22. Kh2 Nxd1 23. Nxd1 Qd8 24. Qd2 g5 25. Bg3 Ng6 26. Nd4 Bf8 27. Qf2 f6
28. e6 Ba4 29. Nc3 Bb3 30. Nf5 Bc5 31. Qf3 b5 32. Nh6+ Kg7 33. Nf7 Qe7 34. Qh5
Qf8 35. Bxg6 Qg8 36. Qh6# 1-0

[Event "10. Kreuzberg Open"]
[Site "Berlin"]
[Date "2009.07.21"]
[Round "4.3"]
[White "Albrecht, Rainer"]
[Black "Von Herman, Ulf"]
[Result "0-1"]
[WhiteElo "2141"]
[BlackElo "2400"]
[PlyCount "58"]
[EventDate "2009.??.??"]
[WhiteTeam "SC Kreuzberg e.V."]
[BlackTeam "SK König Tegel 1949 e.V."]

1. d4 Nf6 2. c4 e5 3. dxe5 Ng4 4. e3 Nxe5 5. Nh3 d6 6. Nf4 g6 7. Bd2 Bg7 8. Bc3
O-O 9. Be2 Nbd7 10. Nd2 a5 11. Qc2 Nc5 12. O-O Bf5 13. e4 Bd7 14. Nd5 c6 15.
Ne3 Ne6 16. Rfd1 Nf4 17. Ndf1 Qe7 18. Rd2 Be6 19. b3 h5 20. Qb2 h4 21. Kh1 Qf6
22. Bg4 h3 23. gxh3 Nfd3 24. Qc2 Bxg4 25. hxg4 Qf3+ 26. Kg1 Nf4 27. Ng3 Nxg4
28. Qd1 Nh3+ 29. Kf1 Nxe3+ 0-1

[Event "10. Kreuzberg Open"]
[Site "Berlin"]
[Date "2009.07.21"]
[Round "4.4"]
[White "Bornschein, Burkhard"]
[Black "Abel, Dennes"]
[Result "0-1"]
[WhiteElo "2019"]
[BlackElo "2328"]
[PlyCount "90"]
[EventDate "2009.??.??"]
[WhiteTeam "Schwarz-Weiß Neukölln e.V."]
[BlackTeam "Sfrd. Berlin 1903 e.V."]

1. d4 Nf6 2. c4 e6 3. Nc3 Bb4 4. e3 b6 5. Nge2 Bb7 6. a3 Be7 7. Nf4 d6 8. d5 e5
9. Nh5 Nxh5 10. Qxh5 g6 11. Qd1 O-O 12. e4 c5 13. Bd3 Nd7 14. O-O a6 15. Bh6
Re8 16. Be3 Bf8 17. Qd2 Bg7 18. Rae1 Nf6 19. Bg5 Qd7 20. h3 Rf8 21. b3 Rae8 22.
Be2 Kh8 23. b4 Ng8 24. bxc5 bxc5 25. Bd1 Qc7 26. Ba4 Rb8 27. Rb1 f5 28. f3 h6
29. Be3 Rbd8 30. Qb2 Bc8 31. Bc6 Rf7 32. Qd2 f4 33. Bf2 g5 34. Rb2 h5 35. Na4
g4 36. hxg4 hxg4 37. fxg4 Bf6 38. Rfb1 Rg7 39. Rb7 Bxb7 40. Rxb7 Qc8 41. Rxg7
Kxg7 42. Qe2 Nh6 43. Be1 Qxg4 44. Qxg4+ Nxg4 45. Bb7 Rb8 0-1

[Event "10. Kreuzberg Open"]
[Site "Berlin"]
[Date "2009.07.21"]
[Round "4.5"]
[White "Weyers, Guido"]
[Black "Schlemermeyer, Wilhelm"]
[Result "0-1"]
[WhiteElo "1978"]
[BlackElo "2270"]
[PlyCount "52"]
[EventDate "2009.??.??"]
[WhiteTeam "SC Weisse Dame e.V."]
[BlackTeam "SC Kreuzberg e.V."]

1. c4 g6 2. g3 Bg7 3. Nc3 c5 4. Bg2 Nc6 5. d3 Nf6 6. e3 d6 7. Nge2 Bd7 8. O-O
h5 9. h4 a6 10. d4 Rb8 11. b3 O-O 12. Bb2 cxd4 13. Nxd4 Qa5 14. a3 Rfc8 15. Rc1
Qb6 16. b4 Ne5 17. Nd5 Nxd5 18. cxd5 Rxc1 19. Bxc1 Rc8 20. Qb3 Bb5 21. Nxb5
Qxb5 22. Bb2 Qe2 23. Bxe5 Bxe5 24. Be4 Kg7 25. Kg2 Rc3 26. Bf3 Qxf1+ 0-1

[Event "10. Kreuzberg Open"]
[Site "Berlin"]
[Date "2009.07.21"]
[Round "4.6"]
[White "Lüders, Gerhard"]
[Black "Welz, Peter"]
[Result "1-0"]
[WhiteElo "2254"]
[BlackElo "2101"]
[PlyCount "69"]
[EventDate "2009.??.??"]
[WhiteTeam "BSC Rehberge 1945 e.V."]
[BlackTeam "SV Empor Berlin e.V."]

1. d4 f5 2. Nc3 Nf6 3. Bg5 e6 4. f3 Be7 5. Qd2 d5 6. Nh3 c5 7. e3 Nc6 8. Bb5 a6
9. Bxc6+ bxc6 10. O-O cxd4 11. exd4 c5 12. Be3 cxd4 13. Bxd4 O-O 14. Rfe1 Bd6
15. Nf4 Qc7 16. g3 Bxf4 17. gxf4 Qf7 18. Rf1 Rb8 19. b3 Qh5 20. Rf2 Rb7 21.
Raf1 Rbf7 22. Rg2 h6 23. Qe3 Kh7 24. Kh1 Rg8 25. Rfg1 Qh4 26. Ne2 Bd7 27. a4
Nh5 28. Be5 Nf6 29. Qd4 Bc8 30. Rg3 Bd7 31. R1g2 Bc8 32. Ng1 Ne8 33. Nh3 Bd7
34. Ng5+ hxg5 35. fxg5 {Diagramm #} 1-0

[Event "10. Kreuzberg Open"]
[Site "Berlin"]
[Date "2009.07.21"]
[Round "4.7"]
[White "Kupfer, Michael"]
[Black "Sechting, Martin"]
[Result "1-0"]
[WhiteElo "2198"]
[BlackElo "2097"]
[PlyCount "135"]
[EventDate "2009.??.??"]
[WhiteTeam "SC Friesen Lichtenberg e.V."]
[BlackTeam "Hamburger SK von 1830 eV"]

1. e4 c5 2. Nc3 e6 3. Nge2 d5 4. exd5 exd5 5. d4 Nc6 6. Be3 c4 7. g3 Nf6 8. Bg2
Be6 9. O-O h5 10. Bg5 Be7 11. Nf4 Qd7 12. Nxe6 fxe6 13. Re1 Ng4 14. Bxe7 Nxe7
15. Bh3 Nf5 16. Qd2 O-O-O 17. f3 Nf6 18. Re5 Kb8 19. Rae1 Rde8 20. Bxf5 exf5
21. Rxe8+ Rxe8 22. Rxe8+ Qxe8 23. Qf4+ Ka8 24. Kf2 Qd7 25. a4 b6 26. Qe5 a6 27.
Ke2 b5 28. axb5 axb5 29. b3 cxb3 30. cxb3 Kb7 31. Kd2 b4 32. Na4 Kc6 33. Qb8
Qd6 34. Qc8+ Qc7 35. Qxf5 h4 36. Qe6+ Kb5 37. Qe2+ Ka5 38. Nc5 Qa7 39. gxh4 Kb6
40. Qe6+ Kb5 41. Qe2+ Kb6 42. Na4+ Kc6 43. Qe5 Qf7 44. Qb8 Qc7 45. Qa8+ Kd7 46.
Nc5+ Ke7 47. Qf8+ Kxf8 48. Ne6+ Kf7 49. Nxc7 Kg6 50. Na6 Kh5 51. Nxb4 Kxh4 52.
Nd3 Kh3 53. b4 Kxh2 54. b5 Nd7 55. Ke3 Kg3 56. Nf4 Nb6 57. Nh5+ Kg2 58. Nxg7
Nc4+ 59. Kf4 Kf2 60. Nf5 Ke2 61. Ne7 Nb6 62. Ke5 Kxf3 63. Kd6 Ke4 64. Kc7 Na8+
65. Kb7 Kxd4 66. Kc6 Kc4 67. Nxd5 Kb3 68. Nc7 1-0

[Event "10. Kreuzberg Open"]
[Site "Berlin"]
[Date "2009.07.21"]
[Round "4.9"]
[White "Feikes, Joerg"]
[Black "Schatz, Walter"]
[Result "0-1"]
[WhiteElo "1956"]
[BlackElo "2219"]
[PlyCount "52"]
[EventDate "2009.??.??"]
[WhiteTeam "-Vereinslos-"]
[BlackTeam "TSG Neuruppin"]

1. e4 c5 2. Ne2 Nc6 3. Nbc3 g6 4. d4 cxd4 5. Nxd4 Bg7 6. Nb3 Nf6 7. Be2 O-O 8.
Be3 d6 9. f4 b6 10. Bf3 Bb7 11. a3 Nd7 12. O-O Rc8 13. Qe1 Nc5 14. Rd1 Nxb3 15.
cxb3 Na5 16. e5 Bxf3 17. Rxf3 Nxb3 18. Qh4 e6 19. Qh3 d5 20. Nb5 Rc2 21. Nd6
Rxb2 22. Bf2 Nc5 23. Bh4 Qc7 24. Rc3 f6 25. Bf2 Rxf2 26. Kxf2 fxe5 0-1

[Event "10. Kreuzberg Open"]
[Site "Berlin"]
[Date "2009.07.21"]
[Round "4.10"]
[White "Schmidt, Jürgen"]
[Black "Gebigke, Martin"]
[Result "0-1"]
[WhiteElo "2035"]
[BlackElo "2186"]
[PlyCount "79"]
[EventDate "2009.??.??"]
[WhiteTeam "SC Kreuzberg e.V."]
[BlackTeam "SV Berolina Mitte e.V."]

1. e4 d6 2. d4 Nf6 3. Nc3 g6 4. Nf3 Bg7 5. Bc4 O-O 6. O-O Bg4 7. h3 Bxf3 8.
Qxf3 Nc6 9. Ne2 d5 10. exd5 Nb4 11. Bb3 Nbxd5 12. c4 Nb4 13. Qxb7 a5 14. Bf4
Ne8 15. Qf3 a4 16. a3 Nd3 17. Qxd3 e5 18. Bxa4 Rxa4 19. Qb3 exf4 20. Qxa4 f3
21. Ng3 Bxd4 22. Rad1 Qh4 23. Rxd4 Qxd4 24. Qc6 fxg2 25. Re1 Ng7 26. Qxc7 Qxb2
27. Ne4 Re8 28. Qc6 Re6 29. Qc8+ Ne8 30. Kxg2 Kg7 31. Qd8 h5 32. Re3 Nd6 33.
Nxd6 Rxe3 34. Ne8+ Kh6 35. Nd6 Re2 36. Qh4 Kg7 37. Qf4 Re7 38. Qg5 Re5 39. Qf4
f6 40. Qd4 0-1

[Event "10. Kreuzberg Open"]
[Site "Berlin"]
[Date "2009.07.21"]
[Round "4.11"]
[White "Pflantz, Mike"]
[Black "Niechotz, Christopher"]
[Result "1/2-1/2"]
[WhiteElo "2184"]
[BlackElo "2082"]
[PlyCount "64"]
[EventDate "2009.??.??"]
[WhiteTeam "SC Kreuzberg e.V."]
[BlackTeam "SC Kreuzberg e.V."]

1. d4 Nf6 2. c4 e6 3. Nc3 c5 4. d5 exd5 5. cxd5 d6 6. e4 g6 7. f4 Bg7 8. Bb5+
Nfd7 9. a4 a6 10. Bd3 Qh4+ 11. g3 Qe7 12. Kf2 O-O 13. Nf3 Nf6 14. h3 Nbd7 15.
Kg2 c4 16. Bc2 Nc5 17. e5 Nfd7 18. Re1 dxe5 19. d6 Qd8 20. fxe5 Re8 21. Nd5
Rxe5 22. Nxe5 Nxe5 23. Ne7+ Kh8 24. Nxc8 Rxc8 25. Qd5 Qf6 26. Rf1 Qe6 27. Qxe6
Nxe6 28. Bf4 Kg8 29. Rad1 Rd8 30. Rfe1 Nc6 31. Be4 Nxf4+ 32. gxf4 Bxb2 1/2-1/2

[Event "10. Kreuzberg Open"]
[Site "Berlin"]
[Date "2009.07.22"]
[Round "5.1"]
[White "Rabiega, Robert"]
[Black "Figura, Atila Gajo"]
[Result "1/2-1/2"]
[WhiteElo "2551"]
[BlackElo "2436"]
[PlyCount "53"]
[EventDate "2009.??.??"]
[WhiteTeam "SK König Tegel 1949 e.V."]
[BlackTeam "SC Kreuzberg e.V."]

1. e4 c5 2. c3 Nf6 3. e5 Nd5 4. d4 cxd4 5. Nf3 Nc6 6. cxd4 d6 7. Bc4 Nb6 8. Bb5
dxe5 9. Nxe5 Bd7 10. Nxd7 Qxd7 11. Nc3 e6 12. O-O Rd8 13. a4 a6 14. Bxc6 Qxc6
15. Bg5 f6 16. Be3 Be7 17. Qh5+ g6 18. Qh6 Kf7 19. Rfc1 Nd5 20. Nxd5 Qxd5 21.
Rc7 Rd7 22. Rxd7 Qxd7 23. h4 Bf8 24. Qf4 Bd6 25. Qe4 Qc6 26. Qxc6 bxc6 27. Rc1
{(=)} 1/2-1/2

[Event "10. Kreuzberg Open"]
[Site "Berlin"]
[Date "2009.07.22"]
[Round "5.2"]
[White "Von Herman, Ulf"]
[Black "Lüders, Gerhard"]
[Result "1-0"]
[WhiteElo "2400"]
[BlackElo "2254"]
[PlyCount "113"]
[EventDate "2009.??.??"]
[WhiteTeam "SK König Tegel 1949 e.V."]
[BlackTeam "BSC Rehberge 1945 e.V."]

1. d4 d5 2. c4 e6 3. Nc3 Nf6 4. Bg5 c6 5. Nf3 h6 6. Bxf6 Qxf6 7. g3 Nd7 8. Bg2
Bb4 9. O-O Bxc3 10. bxc3 dxc4 11. Nd2 e5 12. Nxc4 exd4 13. cxd4 Nb6 14. Ne5 O-O
15. a4 Rd8 16. a5 Nd5 17. Qb3 Nc7 18. e3 a6 19. Qb4 Nb5 20. Nc4 Rb8 21. Rac1
Bg4 22. Nd2 Qe6 23. Rfe1 Bh3 24. Bh1 Re8 25. Ne4 Rbd8 26. Nc5 Qe7 27. Nd3 g5
28. Qxe7 Rxe7 29. Nb4 Nc7 30. Red1 Kg7 31. Rd3 Bf5 32. Rdc3 Be6 33. Bxc6 Nb5
34. Bxb5 axb5 35. f3 Ra8 36. Ra1 Bc4 37. Kf2 f5 38. Raa3 f4 39. gxf4 gxf4 40.
e4 Kf6 41. Ra1 Rg7 42. Rcc1 Rd8 43. d5 Ke5 44. a6 Rdg8 45. Rg1 Rxg1 46. Rxg1
Rxg1 47. Kxg1 bxa6 48. Nxa6 Kd4 49. Kf2 Ba2 50. Ke2 Kc3 51. Nc5 Bc4+ 52. Kd1 b4
53. d6 Bb5 54. d7 Bxd7 55. Nxd7 Kd4 56. Kc2 Kc4 57. Nf6 1-0

[Event "10. Kreuzberg Open"]
[Site "Berlin"]
[Date "2009.07.22"]
[Round "5.3"]
[White "Abel, Dennes"]
[Black "Kupfer, Michael"]
[Result "1/2-1/2"]
[WhiteElo "2328"]
[BlackElo "2198"]
[PlyCount "37"]
[EventDate "2009.??.??"]
[WhiteTeam "Sfrd. Berlin 1903 e.V."]
[BlackTeam "SC Friesen Lichtenberg e.V."]

1. d4 d5 2. c4 dxc4 3. Nf3 a6 4. e3 b5 5. a4 Bb7 6. b3 e6 7. axb5 axb5 8. Rxa8
Bxa8 9. bxc4 bxc4 10. Ne5 Nf6 11. Qa4+ Nbd7 12. Na3 Be7 13. Naxc4 O-O 14. Nc6
Bxc6 15. Qxc6 Nb8 16. Qb5 c6 17. Qb3 c5 {(=)} 18. dxc5 Qd5 19. Qd3 {(=)}
1/2-1/2

[Event "10. Kreuzberg Open"]
[Site "Berlin"]
[Date "2009.07.22"]
[Round "5.4"]
[White "Schlemermeyer, Wilhelm"]
[Black "Schatz, Walter"]
[Result "1/2-1/2"]
[WhiteElo "2270"]
[BlackElo "2219"]
[PlyCount "91"]
[EventDate "2009.??.??"]
[WhiteTeam "SC Kreuzberg e.V."]
[BlackTeam "TSG Neuruppin"]

1. c4 g6 2. g3 Bg7 3. Bg2 c5 4. e3 Nc6 5. Ne2 e5 6. Nbc3 Nge7 7. d3 O-O 8. O-O
d6 9. b3 Be6 10. Nd5 Qd7 11. Bb2 Bxd5 12. cxd5 Nb4 13. e4 Qb5 14. Nc1 a5 15. a3
Na6 16. Rb1 Qd7 17. Ne2 Bh6 18. f4 f6 19. Kh1 Nc7 20. a4 b5 21. Bc3 Rfb8 22.
Ra1 bxa4 23. Rxa4 Rb5 24. Bd2 Bg7 25. Nc1 Qd8 26. Qe1 Ne8 27. Rf2 Nc8 28. Bf1
Nb6 29. Bxa5 Qb8 30. Raa2 Nd7 31. Bh3 Nf8 32. Bc3 Nc7 33. Rxa8 Qxa8 34. Ra2 Qb7
35. fxe5 fxe5 36. Qe3 Rb6 37. Qg5 Nb5 38. Ba5 Ra6 39. Be6+ Kh8 40. Bd8 Rxa2 41.
Nxa2 Nd4 42. Nc1 Nfxe6 43. dxe6 Nxe6 44. Qe7 Qxe7 45. Bxe7 Bf8 46. Bxf8 1/2-1/2

[Event "10. Kreuzberg Open"]
[Site "Berlin"]
[Date "2009.07.22"]
[Round "5.5"]
[White "Zschäbitz, Klaus"]
[Black "Kiesekamp, Marcos"]
[Result "1/2-1/2"]
[WhiteElo "2101"]
[BlackElo "2334"]
[PlyCount "81"]
[EventDate "2009.??.??"]
[WhiteTeam "BSG 1827 Eckbauer e.V."]
[BlackTeam "TuS Makkabi Berlin e.V."]

1. d4 d5 2. Bf4 e6 3. e3 Bd6 4. c3 Nd7 5. Nf3 Qe7 6. Bb5 c6 7. Bxd6 Qxd6 8. Bd3
e5 9. dxe5 Nxe5 10. Nxe5 Qxe5 11. Nd2 Nf6 12. O-O Bg4 13. Qc2 O-O-O 14. e4 Kb8
15. h3 Bc8 16. f4 Qe7 17. Rae1 h5 18. b4 d4 19. Nb3 dxc3 20. Qxc3 h4 21. b5
cxb5 22. Bxb5 Nxe4 23. Qxg7 Rdg8 24. Qd4 f5 25. Qe5+ Qc7 26. Rc1 Qxe5 27. fxe5
a6 28. Bd3 Re8 29. Rf4 Rxe5 30. Re1 Rhe8 31. Rxh4 a5 32. Bxe4 fxe4 33. Nd2 b5
34. Rexe4 Bb7 35. Rxe5 Rxe5 36. Kf2 Bxg2 37. Nb3 Bd5 38. Nxa5 Rf5+ 39. Ke3 Bxa2
40. Nc6+ Kb7 41. Nd4 1/2-1/2

[Event "10. Kreuzberg Open"]
[Site "Berlin"]
[Date "2009.07.22"]
[Round "5.6"]
[White "Rosenblatt, Marcus"]
[Black "Gaerths, Ronny"]
[Result "0-1"]
[WhiteElo "1952"]
[BlackElo "2243"]
[PlyCount "54"]
[EventDate "2009.??.??"]
[WhiteTeam "USG Chemnitz"]
[BlackTeam "Betriebsschach-TT/Wilheil-"]

1. e4 d6 2. d4 Nf6 3. Nc3 e5 4. d5 Be7 5. f3 c6 6. dxc6 Nxc6 7. Be3 O-O 8. Qd2
a6 9. O-O-O b5 10. g4 b4 11. Nd5 Nxd5 12. exd5 Nd4 13. Bxd4 exd4 14. Qxb4 Bd7
15. Bd3 Rb8 16. Qa3 Bg5+ 17. Kb1 Qb6 18. Ne2 Be3 19. c3 dxc3 20. Nxc3 Bc5 21.
Qb3 Qa5 22. Qc2 Ba3 23. b3 Rfc8 24. Bxh7+ Kh8 25. Rd3 Kxh7 26. f4 Kg8 27. Rh3
f5 0-1

[Event "10. Kreuzberg Open"]
[Site "Berlin"]
[Date "2009.07.22"]
[Round "5.7"]
[White "Jahnz, Fabian"]
[Black "Niehaus, Frank"]
[Result "0-1"]
[WhiteElo "2191"]
[BlackElo "2149"]
[PlyCount "102"]
[EventDate "2009.??.??"]
[WhiteTeam "SK König Tegel 1949 e.V."]
[BlackTeam "Sfrd. Berlin 1903 e.V."]

1. e4 c5 2. c3 Nf6 3. e5 Nd5 4. d4 cxd4 5. cxd4 Nc6 6. Nf3 d6 7. Bc4 Nb6 8. Bb5
Bd7 9. Nc3 dxe5 10. d5 Nb4 11. Nxe5 Bxb5 12. Nxb5 g6 13. O-O N4xd5 14. Qf3 f6
15. Ng4 Qd7 16. a4 a6 17. Nd4 Bg7 18. Bh6 Bxh6 19. Nxh6 e5 20. Nb3 Rd8 21. a5
Nc8 22. Rfd1 Nce7 23. Nc5 Qb5 24. Ne4 Rf8 25. Qa3 Qd7 26. Rac1 Nc6 27. Nc5 Qe7
28. Qa4 Ndb4 29. Rxd8+ Kxd8 30. Qb3 Kc8 31. Ng4 Rd8 32. Ne3 Rd4 33. Qg8+ Rd8
34. Qb3 f5 35. h3 e4 36. Nc4 Kb8 37. Qg3+ Ka7 38. Ne3 Nd4 39. Kf1 Rc8 40. Nb3
Rxc1+ 41. Nxc1 Qc5 42. Ne2 Qb5 43. Qc7 Qxe2+ 44. Kg1 Qb5 45. Qxh7 f4 46. Nf1
Qc6 47. Qg7 Ne2+ 48. Kh2 Nd3 49. g3 e3 50. gxf4 Ndxf4 51. Nxe3 Qf3 0-1

[Event "10. Kreuzberg Open"]
[Site "Berlin"]
[Date "2009.07.22"]
[Round "5.8"]
[White "Gebigke, Martin"]
[Black "Albrecht, Rainer"]
[Result "1/2-1/2"]
[WhiteElo "2186"]
[BlackElo "2141"]
[PlyCount "45"]
[EventDate "2009.??.??"]
[WhiteTeam "SV Berolina Mitte e.V."]
[BlackTeam "SC Kreuzberg e.V."]

1. d4 e6 2. Nf3 f5 3. Nc3 Nf6 4. h3 b6 5. a3 Bb7 6. Bg5 Be7 7. Bxf6 Bxf6 8. Qd3
d5 9. g4 g6 10. Qe3 Qe7 11. g5 Bg7 12. Qf4 e5 13. dxe5 Nd7 14. O-O-O c6 15. e6
Nc5 16. Nd4 Nxe6 17. Nxe6 Qxe6 18. Bg2 O-O-O 19. e3 Be5 20. Qa4 Kc7 21. Qb3 Qe7
22. h4 h6 23. Rhg1 {(=)} 1/2-1/2

[Event "10. Kreuzberg Open"]
[Site "Berlin"]
[Date "2009.07.22"]
[Round "5.9"]
[White "Cusnariov, Nicolai"]
[Black "Shapiro, Yosip"]
[Result "0-1"]
[WhiteElo "2166"]
[BlackElo "2120"]
[PlyCount "122"]
[EventDate "2009.??.??"]
[WhiteTeam "USV Potsdam e.V., Abt. Schach"]
[BlackTeam "SV Berolina Mitte e.V."]

1. Nf3 d5 2. d4 Nf6 3. g3 c6 4. Bg2 Bf5 5. O-O Nbd7 6. Re1 e6 7. Nh4 Bg4 8. h3
Bh5 9. g4 Ne4 10. Nf3 Bg6 11. Bf4 Be7 12. Nbd2 f5 13. Nxe4 dxe4 14. Ne5 Nxe5
15. Bxe5 Bf6 16. e3 Bxe5 17. dxe5 Qc7 18. Qd6 Qxd6 19. exd6 O-O-O 20. Red1 Rd7
21. c4 c5 22. b4 Kb8 23. gxf5 Bxf5 24. f3 exf3 25. Bxf3 Rc8 26. bxc5 Rxc5 27.
Rd4 e5 28. Rd5 Rxd5 29. Bxd5 Rxd6 30. h4 Rh6 31. Rf1 g6 32. e4 Bc8 33. Rf8 Kc7
34. Re8 Bd7 35. Rxe5 Rxh4 36. Re7 Kd6 37. Rg7 Bc6 38. Bg8 Bxe4 39. Bxh7 Ke5 40.
Kf2 Rh2+ 41. Ke3 Rh3+ 42. Kd2 Ra3 43. Rd7 Rxa2+ 44. Kc3 a5 45. Bg8 Ra3+ 46. Kb2
Rd3 47. Re7+ Kd4 48. Re6 a4 49. Ka2 g5 50. Rd6+ Kc5 51. Re6 Kd4 52. Rd6+ Ke3
53. Re6 Kf3 54. Rf6+ Kg3 55. Re6 Bf3 56. Re5 g4 57. Ra5 Kf2 58. Be6 Rd6 59.
Bxg4 Bxg4 60. Rxa4 Rb6 61. Ka3 Be6 0-1

[Event "10. Kreuzberg Open"]
[Site "Berlin"]
[Date "2009.07.22"]
[Round "5.10"]
[White "Bergmann, Jens"]
[Black "Giemsa, Stephan"]
[Result "0-1"]
[WhiteElo "1824"]
[BlackElo "2301"]
[PlyCount "159"]
[EventDate "2009.??.??"]
[WhiteTeam "SK Tempelhof 1931 e.V."]
[BlackTeam "SK König Tegel 1949 e.V."]

1. e4 e6 2. g3 d5 3. Bg2 dxe4 4. Bxe4 Nf6 5. Bg2 Nbd7 6. Ne2 Rb8 7. d3 b5 8.
Nbc3 Bb7 9. O-O Bxg2 10. Kxg2 Nb6 11. Nf4 Qd7 12. Nh5 Qc6+ 13. Kg1 Nbd7 14.
Nxf6+ gxf6 15. Be3 h5 16. Bxa7 Ra8 17. Be3 h4 18. Ne4 f5 19. Ng5 Ne5 20. Bd4
Bd6 21. Bxe5 Bxe5 22. Qf3 Qxf3 23. Nxf3 Bxb2 24. Rab1 Rxa2 25. Nxh4 b4 26. Ng2
c5 27. Rfe1 Kd7 28. Re2 Bd4 29. Ne3 f4 30. gxf4 Raa8 31. Nf1 Rag8+ 32. Ng3 Rg4
33. Kg2 Rxf4 34. f3 Rfh4 35. Rh1 f5 36. h3 Rg8 37. Kh2 Rgh8 38. Kg2 Rg8 39. Kh2
Kd6 40. Rhe1 Rh6 41. f4 Bc3 42. Rh1 Rh4 43. Rf2 Bd4 44. Rf3 Ra8 45. Re1 Ra2 46.
Re2 Rh8 47. Rf1 Rha8 48. Rb1 R8a3 49. h4 Rc3 50. Rc1 Rb2 51. Kh3 b3 52. Rce1
Rbxc2 53. Rxe6+ Kd5 54. Nxf5 Rxd3+ 55. Kg4 b2 56. Nxd4 Rxd4 57. Rb6 Rb4 58.
Rxb4 cxb4 59. Rb1 Kc4 60. f5 Kc3 61. f6 Rc1 62. f7 Rxb1 63. f8=Q Rg1+ 64. Kh5
b1=Q 65. Qc5+ Kb3 66. Qd5+ Ka4 67. Qa8+ Kb5 68. Qd5+ Kb6 69. Qd6+ Kb7 70. Qd7+
Kb6 71. Qd6+ Kb5 72. Qd5+ Ka4 73. Qa8+ Kb3 74. Qd5+ Kc3 75. Qc5+ Kd3 76. Qd5+
Ke3 77. Qc5+ Kf3 78. Qf8+ Kg2 79. Qg7+ Kh1 80. Qd7 0-1